000 00743nam a2200229 a 4500
999 _c7269
_d7269
001 7269
003 BD-JhCC
005 20180207115352.0
008 171003s1996 bg a|||| ||a| 000 1 ben d
020 _a9789848812594
035 _a(BD-JhCC)7269
040 _aBD-JhCC
_dBD-JhCC
041 _aben
082 _a891.44
_bIQB 1996
100 _aইকবাল, মুহম্মদ জাফর
245 _aকপোট্রনিক সুখ দুঃখ /
_cমুহম্মদ জাফর ইকবাল
260 _aঢাকা :
_bজ্ঞানকোষ প্রকাশনী,
_c1996.
300 _a৮৫ পৃ. :
_c২১ সেমি.
650 _aScience fiction
942 _2ddc
_cBK